History and Civics - 10 th Std (Record no. 240112)
[ view plain ]
| 000 -LEADER | |
|---|---|
| fixed length control field | 00373nam a2200145Ia 4500 |
| 005 - DATE AND TIME OF LATEST TRANSACTION | |
| control field | 20250729165806.0 |
| 008 - FIXED-LENGTH DATA ELEMENTS--GENERAL INFORMATION | |
| fixed length control field | 250729s2013 xx 000 0 und d |
| 041 ## - LANGUAGE CODE | |
| Language code of text/sound track or separate title | eng |
| 082 ## - DEWEY DECIMAL CLASSIFICATION NUMBER | |
| Classification number | 900.25 PINH |
| 100 ## - MAIN ENTRY--PERSONAL NAME | |
| Personal name | Pinto Xavier |
| 9 (RLIN) | 233099 |
| 245 ## - TITLE STATEMENT | |
| Title | History and Civics - 10 th Std |
| 260 ## - PUBLICATION, DISTRIBUTION, ETC. | |
| Place of publication, distribution, etc. | Kolkatta |
| Name of publisher, distributor, etc. | Frank Bros & Co |
| Date of publication, distribution, etc. | 2013 |
| 300 ## - PHYSICAL DESCRIPTION | |
| Extent | C-65p |
| 650 ## - SUBJECT ADDED ENTRY--TOPICAL TERM | |
| Topical term or geographic name entry element | History |
| 9 (RLIN) | 233100 |
| Withdrawn status | Lost status | Damaged status | Not for loan | Home library | Current library | Date acquired | Source of acquisition | Total Checkouts | Full call number | Barcode | Date last seen | Price effective from | Koha item type |
|---|---|---|---|---|---|---|---|---|---|---|---|---|---|
| St Aloysius Library | St Aloysius Library | 07/29/2025 | Management Book | 900.25 PINH | BED05431 | 07/29/2025 | 07/29/2025 | Book |